Christian counseling : (Record no. 306)
[ view plain ]
| 000 -LEADER | |
|---|---|
| fixed length control field | 00735cam a22002412 4500 |
| 001 - CONTROL NUMBER | |
| control field | 0000001121 |
| 005 - DATE AND TIME OF LATEST TRANSACTION | |
| control field | 20151021151051.0 |
| 008 - FIXED-LENGTH DATA ELEMENTS--GENERAL INFORMATION | |
| fixed length control field | 070226s xx 000 0 eng d |
| 020 ## - INTERNATIONAL STANDARD BOOK NUMBER | |
| International Standard Book Number | 084993124X (pbk.) : |
| Terms of availability | KES 2,190 |
| 040 ## - CATALOGING SOURCE | |
| Original cataloging agency | KABU |
| Transcribing agency | KABU |
| 050 #0 - LIBRARY OF CONGRESS CALL NUMBER | |
| Classification number | BV4012.2 |
| Item number | .C65 1988 |
| 100 1# - MAIN ENTRY--PERSONAL NAME | |
| Personal name | Collins, Gary R. |
| -- | 0000159858 |
| 245 10 - TITLE STATEMENT | |
| Title | Christian counseling : |
| Remainder of title | a comprehensive guide / |
| Statement of responsibility, etc. | Gary R. Collins. |
| 250 ## - EDITION STATEMENT | |
| Edition statement | rev. ed. |
| 260 ## - PUBLICATION, DISTRIBUTION, ETC. (IMPRINT) | |
| Place of publication, distribution, etc. | Dallas : |
| Name of publisher, distributor, etc. | Word Pub., |
| Date of publication, distribution, etc. | c1988. |
| 300 ## - PHYSICAL DESCRIPTION | |
| Extent | 711 p. ; |
| Dimensions | 24 cm. |
| 500 ## - GENERAL NOTE | |
| General note | Includes index. |
| 504 ## - BIBLIOGRAPHY, ETC. NOTE | |
| Bibliography, etc | Bibliography: p. 596-701. |
| 650 #0 - SUBJECT ADDED ENTRY--TOPICAL TERM | |
| Topical term or geographic name as entry element | Pastoral counseling. |
| -- | 0000149278 |
| 908 ## - PUT COMMAND PARAMETER (RLIN) | |
| Put command parameter | 070226 |
| 950 ## - LOCAL HOLDINGS (RLIN) | |
| -- | 1 |
| Withdrawn status | Lost status | Source of classification or shelving scheme | Not for loan | Home library | Current library | Date acquired | Total Checkouts | Full call number | Barcode | Date last seen | Price effective from | Koha item type | Date last checked out |
|---|---|---|---|---|---|---|---|---|---|---|---|---|---|
| Library of Congress Classification | Kabarak, Main Campus | Kabarak, Main Campus | 17/12/2015 | 3 | BV4012.2 .C65 1988 | 000669 | 28/11/2018 | 17/12/2015 | General Collection | 30/10/2018 | |||
| Library of Congress Classification | Kabarak, Main Campus | Kabarak, Main Campus | 17/12/2015 | 1 | BV4012.2 .C65 1988 | 000668 | 03/12/2018 | 17/12/2015 | General Collection | 30/10/2018 | |||
| Library of Congress Classification | Kabarak, Nakuru City Campus | Kabarak, Nakuru City Campus | 21/10/2015 | BV4012.2 .C65 1988 c. 1 | 003020 | 21/10/2015 | 21/10/2015 | General Collection |